Objetivos fundamentales y contenidos mínimos obligatorios de la educación básica
Uloženo v:
| Médium: | Kniha |
|---|---|
| Jazyk: | španělština |
| Vydáno: |
Santiago
Ministerio de Educación
1996
|
| Témata: | |
| Tagy: |
Přidat tag
Žádné tagy, Buďte první, kdo vytvoří štítek k tomuto záznamu!
|
MARC
| LEADER | 00000nam a2200000 a 4500 | ||
|---|---|---|---|
| 001 | UCP4852 | ||
| 003 | CL-VaPUC | ||
| 008 | 990821e19960000CL |||||||||||||||||spa|d | ||
| 082 | 0 | 4 | |a 370.11 |b OBJ |2 21 |
| 245 | 1 | 0 | |a Objetivos fundamentales y contenidos mínimos obligatorios de la educación básica |
| 300 | |a 50 p | ||
| 942 | |c BK | ||
| 945 | |d 19990821 00:00:00 |a rbrito | ||
| 260 | |a Santiago |b Ministerio de Educación |c 1996 | ||
| 650 | 0 | |a Objetivos educativos |9 306344 | |
| 650 | 0 | |a Educación básica |9 224933 | |
| 583 | |a last modification |c 19990821 00:00:00 |k Rodrigo Vera | ||
| 999 | |c 282748 |d 282746 | ||
| 952 | |0 0 |1 0 |4 0 |6 370_110000000000000_OBJ_1996 |7 0 |8 P |9 325100 |a BIBEDU |b BIBEDU |c BIBEDU_PB |d 2019-11-20 |i 3553671 |o 370.11 OBJ 1996 |p 3553671 |r 2024-01-25 |w 2019-11-20 |y BK |k BME | ||